| 000 | 01074nam0a22002291 4500 | ||
|---|---|---|---|
| 001 | rc\560401 | ||
| 005 | 20250621132215.0 | ||
| 035 | _a(NLR Aleph) 005795498 | ||
| 090 |
_a5241606 _c5241606 |
||
| 100 | _a20030616d1988 |||y0rusy50 ca | ||
| 101 | 0 | _arus | |
| 102 | _aRU | ||
| 105 | _ay ||||||||| | ||
| 200 | 1 |
_aКнига и культура _eТез. докл. _fШестая Всесоюз. науч. конф. по пробл. книговедения, 18-20 апр. 1988 г., [2] Cекция истории сов. кн. |
|
| 210 |
_aМ. _cБ. и. _d1988 |
||
| 215 |
_a63 с. _d22 |
||
| 300 | _aВ надзаг.: АН СССР, Науч. совет по истории мировой культуры, Госкомиздат СССР, Науч.-произв. об-ние "Всесоюз. кн. палата", М-во культуры СССР, Гос. б-ка СССР им. В.И. Ленина, Всесоюз. добр. о-во любителей кн. | ||
| 801 | 0 |
_aRU _bNLR _gpsbo |
|
| 801 | 1 |
_aRU _bELAR _2rusmarc |
|
| 852 |
_aNLR _j88-6/2010 |
||
| 942 | _cBOOK | ||
| 980 | _aNB | ||